000 00675cam a2200241 4500
008 090401t1996 xxu||||| |||| 00| 0 eng d
020 _a1851120076
035 _a(Sirsi) u23435
041 _aeng
050 _a333.70212
110 _aUnited Kingdom
_bDepartment of the Environment
_9982
245 _aLand use change in England. - No. 11
260 _aLondon
_bDepartment of the Environment
_c1996
300 _aiv,60p. : ill.,maps ; 30cm.
350 _a4
490 _aDOE Statistical Bulletin
520 _aIncludes detailed statistics for 1991.
650 _aLAND USE CHANGE
650 _aSTATISTICS
690 _aLAND
942 _n0
948 _c04/03/1997
999 _c88405
_d88405